1240 1663 1540 1709 1018 1617 1613 1834 1057 1712 1673 1447 1584 1283 1390 1750 1641 1868 1865 1427 1257 1261 1805 1370 1490 1183 1306 1789 1509 1171 1226 1529 1334 1048 1974 1082 1519 1101 1439 1185 1553 1090 1000 1750 1952 1408 1843 1045 1334 1377 1570 1538 1803 1413 1110 1169 1968 1522 1139 1477 1193 1269 1822 1214 1409 1463 1050 1069 1641 1094 1080 1414 1524 1015 1207 1755 1377 1438 1338 1354 1243 1727 1819 1146 1278 1210 1505 1406 1559 1693 1914 1168 1470 1489 1257 1556 1661 1794 1078 BCNSPRNW ULIB Ver.6.0+V

เปลี่ยนเป็นภาษาไทย

Change to English
 แสดงรายละเอียดบรรณานุกรม
  กลับหน้าหลัก

Brief Record : Get Marc (ISO 2709) : E-mail record : QR code < ปิดหน้าต่าง
LEADER : 00000nas 2200000uu 4500
001    13399115140
003     ULIB
008    120712s||||||||th 000 0 tha d
022    ^a19052782
110    ^aกองสนับสนุนสุขภาพภาคประชาชน
245    ^aวารสารสุขภาพภาคประชาชน(วิทยาเขตนครสวรรค์)/^cกองสนับสนุนสุขภาพภาคประชาชน
260    ^aกรุงเทพฯ :^bกองสนับสนุนสุขภาพภาคประชาชน,^cม.ป.ป.
310    ^aรายสองเดือน
850    ^aปีที่ 7 ฉบับที่ 4;ปีที่ 8 ฉบับที่ 6
945    ^p0^l0^i800180
945    ^p0^l0^i800622
999 ^a ใช้งานได้ทุกระบบ
รายการนี้ยังไม่มีแท็ก
คุณยังไม่ได้ล็อกอิน คุณสามารถมีกิจกรรมร่วมกับเว็บไซต์ได้ แต่ต้องล็อกอินก่อน ::
  ล็อกอิน

รายการสื่อสารสนเทศ (วารสาร)

ดูแบบ: กล่อง รายการ
ARRIVED
ปีที่ 7 ฉบับที่ 4
สถานที่: ห้องสมุดวิทยาเขตสวรรค์ประชารักษ์ >วารสาร
ARRIVED
ปีที่ 8 ฉบับที่ 6
สถานที่: ห้องสมุดวิทยาเขตนครสวรรค์ >วารสาร

BibComment


ยังไม่เคยถูกคอมเมนท์

คอมเมนท์ทรัพยากรรายการนี้
  คอมเมนท์: วารสารสุขภาพภาคป..


 Copyright 2026. Bcnsprnw @Library